000 01146cab a22001815a 4500
001 L139886
008 070816e20050710xxk F 000 0 eng d
035 _a(Sirsi) u139886
041 0 _aeng
100 1 _aTeal, Joanne
245 0 0 _aSustainable procurement
_bspending it wisely?
260 _c2005
490 0 _aScots Law Times
_v(30), 7 October 2005, 167-71(5)
520 _aConsiders the potential impact of sustainable procurement by placing it in a wider context: the dynamic relationship between the public and private sectors as regards their respective powers and responsibilities. Draws parallels between sustainable procurement and the UK?s experience of the Human Rights Act 1998 as regards service delivery by the private sector. Considers the different options available to the public sector/government, to rebalance their relationship with the private sector. Notes current government initiatives. Explores the challenges of rolling out sustainable procurement from central government to the wider public sector and business.
651 4 _aUnited Kingdom
_y
690 _aMANAGEMENT-BUSINESS MANAGEMENT-PROCUREMENT
942 _n0
999 _c79123
_d79123